La clase. el estudio del medio /

Guardado en:
Autor Principal: Cousinet, Roger
Formato: Libro
Publicado: Buenos Aires : Nova, 1955
Materias:
Etiquetas: Agregar Etiqueta
Sin Etiquetas, Sea el primero en etiquetar este registro!
LEADER 00417nam a22001575a 4500
001 CEM.cems008596
005 20060214000000.0
008 130507s1955##################000#0#####d
003 CEMS
082 0 4 |a 370 
100 1 |a Cousinet, Roger 
245 1 0 |a La clase. el estudio del medio / 
260 |a Buenos Aires :  |b Nova,  |c 1955 
300 |a 46 p. 
653 |a Educacion 
859 |a CEMS  |b BIB. CEMS - 11 de abril  |h 370  |i C836  |p 6324.78  |t Ej.1